000 00246nam a2200097Ia 4500
001 930943
005 20250826214859.0
008 250824s9999 xx 000 0 und d
245 0 _aNE OKURSAN O OLURSUN/T1
_cROBERT DIYANNI
260 _bANTRE YAYINLARI
999 _c930943
_d930943